Welcome to CU Library Online Public Access Catalogue (OPAC)

INVESTMENT:AN INTRODUCTION (Record no. 9014)

MARC details
000 -LEADER
fixed length control field 00389nam a2200157 4500
005 - DATE AND TIME OF LATEST TRANSACTION
control field 20260313114950.0
008 - FIXED-LENGTH DATA ELEMENTS--GENERAL INFORMATION
fixed length control field CUC123
020 ## - INTERNATIONAL STANDARD BOOK NUMBER
International Standard Book Number 9780324180077
050 ## - LIBRARY OF CONGRESS CALL NUMBER
Classification number HG 4521 MAY
Item number 1
100 ## - MAIN ENTRY--PERSONAL NAME
Personal name MAYO B. HERBERT
245 ## - TITLE STATEMENT
Title INVESTMENT:AN INTRODUCTION
Remainder of title WITH INVESTMENT ANALYSIS CALCULATOR CD
250 ## - EDITION STATEMENT
Edition statement 7th
260 ## - PUBLICATION, DISTRIBUTION, ETC.
Place of publication, distribution, etc. AUSTRALIA
Name of publisher, distributor, etc. THOMSON
Date of publication, distribution, etc. 2003
300 ## - PHYSICAL DESCRIPTION
Extent XX,844p
942 ## - ADDED ENTRY ELEMENTS (KOHA)
Source of classification or shelving scheme Library of Congress Classification
Koha item type Books
Suppress in OPAC No
999 ## -
-- 9014
-- 9014
Holdings
Withdrawn status Lost status Source of classification or shelving scheme Damaged status Not for loan Collection Home library Current library Shelving location Date acquired Total checkouts Full call number Barcode Date last seen Copy number Price effective from Koha item type
    Library of Congress Classification     Non-fiction Graduate Library (Christ Temple) Graduate Library (Christ Temple) General stacks 03/13/2026   HG 4521 MAY GSCT00003225 03/13/2026 1 03/13/2026 Books
    Library of Congress Classification     Non-fiction Graduate Library (Christ Temple) Graduate Library (Christ Temple) General stacks 03/13/2026   HG 4521 MAY GSCT00003226 03/13/2026 2 03/13/2026 Books
    Library of Congress Classification     Non-fiction Graduate Library (Christ Temple) Graduate Library (Christ Temple) General stacks 03/13/2026   HG 4521 MAY GSCT00003227 03/13/2026 3 03/13/2026 Books
    Library of Congress Classification     Non-fiction Graduate Library (Christ Temple) Graduate Library (Christ Temple) General stacks 03/13/2026   HG 4521 MAY GSCT00003228 03/13/2026 4 03/13/2026 Books
    Library of Congress Classification     Non-fiction Graduate Library (Christ Temple) Graduate Library (Christ Temple) General stacks 03/13/2026   HG 4521 MAY GSCT00003229 03/13/2026 5 03/13/2026 Books
© 2023-2024 Copyright: Central University Libraries. All Rights Reserved | Created by: Mahone Tech Office